000 00784nam a2200253Ia 4500
003 GCL
008 140319s9999 xx 000 0 ara d
020 _a0134110977
040 _aGCL /
_cGCL
082 0 4 _a953.0736
_bح ح
100 1 _aحسن احمد محمود
245 1 0 _aحضارة مصر الاسلامية :
_bالعصر الطولونى /
_cحسن احمد محمود
260 _aالقاهرة :
_bدار الفكر العربى
300 _a238 ص ؛
_c24 سم
490 _a
650 0 4 _aمصر
650 0 4 _aتاريخ
650 0 4 _aالشام
650 0 4 _aالدولة الطولونية
650 0 4 _aالحضارة الاسلامية
650 0 4 _aالعصر الطولونى (868 - 905م)
650 0 4 _aالطولونيون
942 _2ddc
_cBK
999 _c32520
_d32520